00555nam a2200169Ia 450000500170000000800410001702000150005808200130007310000180008624500340010426000480013830000130018650000700019994200060026995200950027599900150037020250620004749.0240331s9999 xx 000 0 und d a9559008161 bATUa613 aAtukorala,D.R 0aYawwanathwaya ha mathruthwaya aPanadurabShiksha Mandira Publicationc1991 a224 p ., aIts a book of youth and Motherhood - A handbook for young mothers cL 001040708LaWERCLbWERCLcSSCd2024-03-31l0o 613 ATUp1408r2024-03-31w2024-03-31yL c1516d1516